000 05024nab a22008777 4500
003 AR-RoUNA
022 _a0327-9022
040 _aAR-RoUNA
_bspa
041 _aspa
044 _aag
245 _aSumma+
260 _aBuenos Aires (Argentina):
_cDonn SA,
_b1993.
300 _a244 p. :
_bil. byn.
_bplanos
_c34X25 cm.
505 0 _tINDICE
505 0 _tSOLANO - BENITEZ
505 0 _aReportaje al arq. Solano Benitez por Florencia Rodríguez / El fin de la arquitectura: aportes de este lado del mundo. p. 58
505 0 _aSolano Benítez / 4 Vigas, Los Pilichos, Piribebuy, Paraguay, 1999. p. 64
505 0 _aSolano Benítez y Gabinete de arquitectura / Esmeraldina, Asunción, Paraguay, 2001. p. 66
505 0 _aGabinete de arquitectura Solano Benítez, Alberto Marinoni / Oficinas Centrales de Unilever, Paraguay, 2001. p. 68
505 0 _tVIVIENDAS AGRUPADAS - CASAS CON PILETA - SINGAPUR
505 0 _aBedmar & Shi Ernesto Bedmar, Tan Ho Kiat, Foo Su Mei / Trevose 12, Singapur, 2003. p. 72
505 0 _tTERRAZAS CON DEPARTAMENTOS - BUENOS AIRES
505 0 _aJorge Hampton, Emilio Rivoira arqs. / Viviendas San Martín de Tours, Barrio Parque, Buenos Aires, 2005. p. 76
505 0 _tVIVIENDA SOCIAL A LA EUROPEA - AUSTRIA
505 0 _aBusarchitektur & Partners Viena - Sevilla - Buenos Aires / Edificio Wiener Strasse Hoffman Geht Spazieren ( Hoffmann se va de paseo), Austria. p. 84
505 0 _aDEPARTAMENTOS FRENTE AL LAGO - SUIZA
505 0 _aRichter Et Dahl Rocha Bureau D´Architectes / Vivienda en Montreux, Suiza, 2005. p. 90
505 0 _tSINGULARES CASAS URBANAS
505 0 _aOSM Arquitectura Julián Berdichezsky, Joaquin Sanchez Gomez,arqs. / Edificio Urbanverde / Cramer 1366/90, Bs As. p. 96
505 0 _aCarlos Gustavo Giménez / El valor de la geometría. p. 102
505 0 _tFLEXIBILIDAD DOMESTICA - PALERMO - BUENOS AIRES
505 0 _aNE3 Arquitectos / Edificio de viviendas, 24 unidades de 1 ambiente divisible y 4 dúplex, Bs As. p. 106
505 0 _tTRIPLE FRENTE EN DS ETAPAS
505 0 _aBecker & Ferrari arquitectos / Edificio de viviendas, Buenos Airess, 2004. p. 110
505 0 _tPIEL METÁLICA, CUERPO DE HORMIGON - VIVIENDAS ENTRE MEDIANERAS
505 0 _aJorge O. Moscato y Rolando H.Schere arqs. / Héctor Nuviala y Violeta Nuviala arqs. / Edificio de viviendas, 24 unidades de 1 ambiente divisible y 4 triplex, Palermo. p 114
505 0 _tCOMPACTO Y FUNCIONAL
505 0 _aOSM Arquitectura Julian Berdichevsky / Joaquin Sanchez Gomez arqs. Aznar y Gutraich rqs. / Edificio Mansilla 4041, Palermo. p.118
505 0 _tVECINDADES CONTEMPORÁNEAS - NÚÑEZ
505 0 _aGrupo ABV (Ioram Amsel, Mariano Boruchowicz, Javier Vilamowski, arqs) / Vivienda Multifamiliar, Buenos Aires, 2001. p. 120
505 0 _aGrupo ABV (Ioram Amsel, Mariano Boruchowicz, Javier Vilamowski, arqs) / Vivienda multifamiliar, Buenos Aires, 2004. p. 122
505 0 _tDISEÑAR SOLUCIONES - LA LUCILA
505 0 _aAFRA ( Pablo Ferreiro, Saturnino Armendares), Joaquín Leunda / Vivienda Multifamiliar, Buenos Aires, 2005. p.124
505 0 _aPablo Ferreiro y Saturnino Armendares / Entre el recurso y la complejidad (viviendas entre medianeras). p. 127
505 0 _aAFRA ( Pablo Ferreiro, Saturnino Armendares), Joaquín Leunda / Vivienda Multifamiliar, Buenos Aires, 2005. p.128
505 0 _tURBANISMO
505 0 _aPatricia Tetzlaff / Shrinking Cities: ciudades que se vacían. p.132
505 0 _aAlejandro Aravena / Proyecto y autoconstrucción. p.136
505 0 _aAlejandro Aravena y otros / Elemental Iquique, Tarapacá, Chile, 2004. p.136
505 0 _aFernando Diez / Nido Seguro: visiones de protección e indefensión. p.142
505 0 _aNicolás Goretti / Sintiéndonos seguros. p.143
505 0 _aGonzalo Casals y Florencia Rodríguez / El diseño es invisible: sobre cuatro exposiciones. p. 150
505 0 _aGuillermo Roux / El viaje de Teresa. p. 152
505 0 _aRafael E. J. Iglesia / Necropaisajes. p. 154
505 0 _aRoberto Fernández / Singular Housing: del uso al goce. p.156
505 0 _aMVRDV. 100 WoZoCo's, Amsterdam, 1997. p. 156
505 0 _aMario Sabugo / Las chicas de divito. p. 158
505 0 _tPOST-SCRIPTUM
505 0 _aAlfonso Corono Martinez / Notas sobre Safety Nest. p.160
600 1 0 _aBenítez, Solano
_96841
_d1963-
600 1 _aAravena, Alejandro
_91175
_d1967-
600 1 0 _aMontero, Alfonso
_927300
600 1 0 _aCortese, Tomás
_927301
600 1 0 _aCerda Errázuriz, Emilio de la
_927303
600 1 0 _aIacobelli, Andrés
_927302
650 _aArquitectura contemporánea
650 _aViviendas de interes social
_91426
650 _aDiseño industrial
_9979
651 4 _aAustria
_91988
651 0 _aBuenos Aires (Argentina)
_9193
773 0 _aSumma+
_dBuenos Aires, Argentina
_gNº79 (abr-2006), p.160
_x0327-9022
908 _aImp
942 _2udc
_cART
945 _d2022-07-08
980 _6138
_aCarolina Rainero
_85
_gMaría Machado
999 _c12035
_d12035